000 00338 a2200145 4500
001 62890
020 _a19823444
040 _cAnchieta - Pituba
240 1 0 _aRevista da Academia Baiana de Educação
_lpor
245 1 0 _aRevista da Academia Baiana de Educação
300 _a372
362 0 _a2016
650 4 _aEducação
942 _cBK
999 _c62890
_d62890